000 00302nam a22001337a 4500
008 260211b ||||| |||| 00| 0 eng d
020 _a9788800806770
041 _aital
080 _a3.0
100 _a20
101 _aital
245 _aIL Castello Del Mistero
_cBeatrice Fontana
942 _2lcc
_cBK
999 _c60781
_d60781